| 000 | 00785nam a22002177a 4500 | ||
|---|---|---|---|
| 005 | 20180725102846.0 | ||
| 010 | _aENG-123590 | ||
| 020 |
_c1000.00 _a9788190892667 |
||
| 035 | _aEN-107122 | ||
| 037 | _bDBAD/PUB | ||
| 082 | _a921 | ||
| 100 | _aRajendra Prasad | ||
| 245 |
_aWalking down the lane....: _cby Rajendra Prasad; ed. by Vijay Kumar [and] Tejakar Jha _ba pictorial tribute to Dr. Rajendra Prasad / |
||
| 260 |
_aPatna _c2010 _bBihar State Archives |
||
| 270 |
_aAbhilekhagar Bhawan, Bailey Road, _e800001 _bPatna |
||
| 300 |
_a320p. _c27cm.(Hb) _bill.(pictures) |
||
| 500 | _aA pictorial tribute to Dr. Rajendra Prasad, The First President of the Republic of India. | ||
| 700 | _aVijay Kumar | ||
| 700 | _a Jha, Tejakar | ||
| 942 |
_2ddc _cEN _h921 _mRAJ |
||
| 999 |
_c154769 _d154769 |
||